| 000 | 00914nam a22002897a 4500 | ||
|---|---|---|---|
| 003 | CHAP | ||
| 005 | 20220329141718.0 | ||
| 008 | 971013s1992 r 00010 d | ||
| 010 | _a72639 | ||
| 011 | _a73611 | ||
| 035 | _a83169 | ||
| 040 | _cCHAP | ||
| 082 |
_a635.92 _bC4 |
||
| 100 | 0 | 0 |
_aChase, A. R. _921997 |
| 245 | _aCompendium of ornamental foliage plant diseases | ||
| 260 |
_aSt. Paul, Minn. : _bThe American Phytopathological Society, _c1992 |
||
| 300 |
_a92 p. _b: ilus. |
||
| 490 | _aDisease compendium series | ||
| 590 |
_aBATCH-UPD _b10 _c20130110 _lUCH01 _h0550 |
||
| 590 |
_aCONVERSION _b10 _c20130109 _lUCH01 _h1340 |
||
| 650 | 1 | 4 |
_aPlantas de follaje _xEnfermedades. _988936 |
| 650 | 1 | 4 |
_aPlantas ornamentales _xEnfermedades. _989062 |
| 830 | 0 |
_aDisease compendium series _932720 |
|
| 901 | _aBK | ||
| 942 | _cLIBRO | ||
| 949 |
_a635.92 C4 _bBC _cC _d-37568 _eC _gI.172817 _h86612 _i83169 _si _t113.48 |
||
| 999 |
_c72639 _d72639 |
||